[Event "Quebec-ch U18"]
[Site "Montreal"]
[Date "2006.03.05"]
[Round "4"]
[White "Berg Brisebois, Karl Alexander"]
[Black "Milosz, Robin"]
[Result "1-0"]
[WhiteElo "1407"]
[BlackElo "1006"]
[PlyCount "103"]
[EventDate "2006.03.03"]
[EventType "swiss"]
[EventRounds "5"]
[EventCountry "CAN"]
[SourceTitle "EXT 2007"]
[Source "ChessBase"]
[SourceDate "2006.11.23"]
[SourceVersion "1"]
[SourceVersionDate "2006.11.23"]
[SourceQuality "1"]

1. e4 e6 2. d4 d5 3. Nc3 Bb4 4. a3 Bxc3+ 5. bxc3 dxe4 6. Qg4 g6 7. Qxe4 Nf6 8. Qh4 Nd5 9. Qxd8+ Kxd8 10. c4 Nc3 11. Bd3 Bd7 12. Bd2 Na4 13. Bg5+ Kc8 14. Nf3 Bc6 15. 0-0 Nd7 16. Rab1 Nc3 17. Rb3 Ne4 18. Rfb1 Nxg5 19. Nxg5 b6 20. Nxf7 Re8 21. f3 Re7 22. Ng5 Kb7 23. Be4 h6 24. Bxc6+ Kxc6 25. Ne4 Rf8 26. Rd3 Nf6 27. Nxf6 Rxf6 28. Rbd1 Rd7 29. R1d2 Kb7 30. d5 exd5 31. cxd5 a5 32. c4 Rf4 33. Rd4 g5 34. Rxf4 gxf4 35. g3 fxg3 36. hxg3 Ka6 37. f4 b5 38. cxb5+ Kxb5 39. f5 Ka4 40. Rd3 c6 41. f6 cxd5 42. Rf3 Rf7 43. Kf2 Kb5 44. Ke3 Kc6 45. Kd4 Kd6 46. Rf5 Ke6 47. Rxd5 Rxf6 48. Rxa5 Rg6 49. Ra6+ Kf5 50. Rxg6 Kxg6 51. a4 Kg5 52. Ke3 1-0